A place of no return / (Record no. 29439)

000 -LEADER
fixed length control field 00790nam a22002777a 4500
001 - CONTROL NUMBER
control field 12086723
003 - CONTROL NUMBER IDENTIFIER
control field OSt
005 - DATE AND TIME OF LATEST TRANSACTION
control field 20171205203740.0
008 - FIXED-LENGTH DATA ELEMENTS--GENERAL INFORMATION
fixed length control field 000410s2000 ke 000 0 eng
010 ## - LIBRARY OF CONGRESS CONTROL NUMBER
LC control number 99502281
020 ## - INTERNATIONAL STANDARD BOOK NUMBER
International Standard Book Number 9966250131
020 ## - INTERNATIONAL STANDARD BOOK NUMBER
Canceled/invalid ISBN 996620131
035 ## - SYSTEM CONTROL NUMBER
System control number (DLC) 99502281
040 ## - CATALOGING SOURCE
Original cataloging agency DLC
Transcribing agency DLC
042 ## - AUTHENTICATION CODE
Authentication code lcode
050 00 - LIBRARY OF CONGRESS CALL NUMBER
Classification number MLCS 2000/01028 (P)
100 1# - MAIN ENTRY--PERSONAL NAME
Personal name Powell, Mervyn G.
245 12 - TITLE STATEMENT
Title A place of no return /
Statement of responsibility, etc. Mervyn G. Powell.
260 ## - PUBLICATION, DISTRIBUTION, ETC. (IMPRINT)
Place of publication, distribution, etc. Nairobi :
Name of publisher, distributor, etc. Spear Books,
Date of publication, distribution, etc. 2000.
300 ## - PHYSICAL DESCRIPTION
Extent 145 p. ;
Dimensions 18 cm.
490 1# - SERIES STATEMENT
Series statement Spear books
830 #0 - SERIES ADDED ENTRY--UNIFORM TITLE
Uniform title Spear books series.
906 ## - LOCAL DATA ELEMENT F, LDF (RLIN)
a 7
b cbc
c origode
d 3
e ncip
f 19
g y-gencatlg
942 ## - ADDED ENTRY ELEMENTS (KOHA)
Source of classification or shelving scheme
Koha item type Africana (Books)
Classification part PR 6066 .O9P55 2011
Holdings
Withdrawn status Lost status Source of classification or shelving scheme Damaged status Not for loan Home library Current library Shelving location Date acquired Source of acquisition Cost, normal purchase price Total Checkouts Full call number Barcode Date last seen Price effective from Koha item type
          MACHAKOS UNIVERSITY LIBRARY MACHAKOS UNIVERSITY LIBRARY Africana 05/12/2017 PURCHASE (TEXTBOOK) 482.00   PR 6066 .O9P55 2011 37935 05/12/2017 05/12/2017 Africana (Books)
          MACHAKOS UNIVERSITY LIBRARY MACHAKOS UNIVERSITY LIBRARY Africana 05/12/2017 PURCHASE (TEXTBOOK) 482.00   PR 6066 .O9P55 2011 37936 05/12/2017 05/12/2017 Africana (Books)
          MACHAKOS UNIVERSITY LIBRARY MACHAKOS UNIVERSITY LIBRARY Africana 05/12/2017 PURCHASE (TEXTBOOK) 482.00   PR 6066 .O9P55 2011 37937 05/12/2017 05/12/2017 Africana (Books)
          MACHAKOS UNIVERSITY LIBRARY MACHAKOS UNIVERSITY LIBRARY Africana 05/12/2017 PURCHASE (TEXTBOOK) 482.00   PR 6066 .O9P55 2011 37938 05/12/2017 05/12/2017 Africana (Books)
© Machakos University Library, Along The Highway, Machakos Wote Rd, Machakos, Kenya P.O. Box 136 - 90100 Machakos - Kenya

Tel: ( +254 ) 723 805829 OR Fax : 044-20353 OR Email: library@mksu.ac.ke